Theory and problems of matrices (Record no. 63713)
[ view plain ]
| 000 -LEADER | |
|---|---|
| fixed length control field | 00467nam a22001817a 4500 |
| 003 - CONTROL NUMBER IDENTIFIER | |
| control field | NUST - PNEC |
| 005 - DATE AND TIME OF LATEST TRANSACTION | |
| control field | 20170116180820.0 |
| 008 - FIXED-LENGTH DATA ELEMENTS--GENERAL INFORMATION | |
| fixed length control field | 150617b xxu||||| |||| 00| 0 eng d |
| 020 ## - INTERNATIONAL STANDARD BOOK NUMBER | |
| International Standard Book Number | - |
| 040 ## - CATALOGING SOURCE | |
| Transcribing agency | LIBRARY |
| 082 ## - DEWEY DECIMAL CLASSIFICATION NUMBER | |
| Classification number | 512 AYR |
| 100 ## - MAIN ENTRY--PERSONAL NAME | |
| 9 (RLIN) | 4075 |
| Personal name | Ayres frank |
| 245 ## - TITLE STATEMENT | |
| Title | Theory and problems of matrices |
| Statement of responsibility, etc. | Frank ayres |
| 260 ## - PUBLICATION, DISTRIBUTION, ETC. | |
| Place of publication, distribution, etc. | Singapore |
| Name of publisher, distributor, etc. | Mcgraw Hill book company |
| Date of publication, distribution, etc. | c1986. |
| 300 ## - PHYSICAL DESCRIPTION | |
| Extent | 218 p. : |
| 650 ## - SUBJECT ADDED ENTRY--TOPICAL TERM | |
| 9 (RLIN) | 4079 |
| Topical term or geographic name entry element | Mathematics |
| General subdivision | ME |
| 942 ## - ADDED ENTRY ELEMENTS (KOHA) | |
| Source of classification or shelving scheme | |
| Koha item type | Book |
| Withdrawn status | Lost status | Source of classification or shelving scheme | Damaged status | Not for loan | Permanent Location | Current Location | Shelving location | Date acquired | Source of acquisition | Cost, normal purchase price | Total Checkouts | Full call number | Barcode | Date last seen | Cost, replacement price | Price effective from | Koha item type | Date last checked out |
|---|---|---|---|---|---|---|---|---|---|---|---|---|---|---|---|---|---|---|
| Pakistan Navy Engineering College (PNEC) | Pakistan Navy Engineering College (PNEC) | 02/28/1988 | Royal Book Company / Library / Reference Grant | 69.00 | 512 AYR | PNECLIB-011331 | 06/17/2015 | 69.00 | 02/28/1988 | Book | ||||||||
| Pakistan Navy Engineering College (PNEC) | Pakistan Navy Engineering College (PNEC) | 02/28/1988 | Royal Book Company / Library / Reference Grant | 61.00 | 1 | 512 AYR | PNECLIB-011332 | 10/28/2016 | 61.00 | 02/28/1988 | Book | 10/10/2016 | ||||||
| Pakistan Navy Engineering College (PNEC) | Pakistan Navy Engineering College (PNEC) | 02/28/1988 | Royal Book Company / Library / Reference Grant | 29.00 | 512 AYR | PNECLIB-011329 | 06/17/2015 | 29.00 | 02/28/1988 | Book | ||||||||
| Pakistan Navy Engineering College (PNEC) | Pakistan Navy Engineering College (PNEC) | 02/28/1988 | Royal Book Company / Library / Reference Grant | 69.00 | 512 AYR | PNECLIB-011328 | 06/17/2015 | 69.00 | 02/28/1988 | Book |
